LEADER 01354nam0-2200349---450- 001 990008675450403321 005 20080619121918.0 035 $a000867545 035 $aFED01000867545 035 $a(Aleph)000867545FED01 035 $a000867545 100 $a20080619d2005----km-y0itay50------ba 101 0 $aita 102 $aIT 105 $aa-------001yy 200 1 $a<>francais dans les textes juridiques$etesti relativi a tematiche giuridiche con note ed esercizi di comprensione, analisi della morfosintassi e della terminologia specializzata$eletture e documenti autentici, con spunti di approfondimento$fAnna Giaufret, Bernard Mesmaeker, Micaela Rossi$gprefazione di Leandro Schena 210 $aNapoli :,$cEsselibri-Simone$dstampa 2005 215 $a302 p.$cill.$d24 cm$e1 CD-ROM 225 1 $aManuali per esami, concorsi, colloqui e formazione professionale$v49/2 610 0 $aLingua Francese$aManuali per speciali discipline 676 $a448.0024$v21$zita 700 1$aGiaufret,$bAnna$0503530 701 1$aMesmaeker,$bBernard$0437566 701 1$aRossi,$bMicaela$0437567 702 1$aSchena,$bLeandro 801 0$aIT$bUNINA$gRICA$2UNIMARC 901 $aBK 912 $a990008675450403321 952 $aXV Fb 199$b43380$fFSPBC 959 $aFSPBC 996 $aFrancais dans les textes juridiques$9717014 997 $aUNINA LEADER 03157 am 2200685 n 450 001 9910416499103321 005 20190713 010 $a2-7132-3093-4 024 7 $a10.4000/books.editionsehess.11161 035 $a(FrMaCLE)OB-editionsehess-11161 035 $a(oapen)https://directory.doabooks.org/handle/20.500.12854/44315 035 $a(PPN)248894625 035 $a(EXLCZ)994100000011325860 100 $a20200702j|||||||| ||| 0 101 0 $afre 135 $auu||||||m|||| 181 $ctxt$2rdacontent 182 $cc$2rdamedia 183 $acr$2rdacarrier 200 13$aLa croyance et l?enquête $eAux sources du pragmatisme /$fBruno Karsenti, Louis Quéré 210 $aParis $cÉditions de l?École des hautes études en sciences sociales$d2019 215 $a1 online resource (352 p.) 300 $aOriginally published: Paris: Éditions de l?École des hautes études en sciences sociales, 2004. 330 $aPourquoi vouloir, aujourd'hui, retourner aux sources du pragmatisme américain et à sa conception de la croyance et de l'enquête ? Essentiellement pour mettre en évidence le parallélisme de son effort pour dépasser l'idéalisme de l'héritage cartésien et kantien avec celui opéré par la sociologie naissante à la même époque. Nous découvrons alors que le rapport de ce courant de pensée aux sciences sociales en général, à la sociologie en particulier, est interne. Car s'il est un aspect essentiel dans le pragmatisme, c'est la reconnaissance de la constitution sociale de l'esprit et de l'antécédence de la société sur le soi. Le « facteur social » est Inscrit au plus intime de la croyance et de l'enquête, de la connaissance et de l'action, de la conscience et de la conscience de soi. Et le principe de la société est à chercher non pas dans le psychique, mais dans les processus de la communication humaine. C'est sur un tel constat que doit se fonder tout projet de naturalisation de l'esprit. 606 $aSociology 606 $acroyance 606 $apragmatisme 606 $aenquête 606 $abehaviorisme 606 $aordinaire 610 $apragmatisme 610 $acroyance 610 $aenquête 610 $aordinaire 610 $abehaviorisme 615 4$aSociology 615 4$acroyance 615 4$apragmatisme 615 4$aenquête 615 4$abehaviorisme 615 4$aordinaire 700 $aChateauraynaud$b Francis$0677247 701 $aChauviré$b Christiane$0562193 701 $aGarreta$b Guillaume$01313630 701 $aGirel$b Mathias$01041276 701 $aJoseph$b Isaac$01285891 701 $aKarsenti$b Bruno$0295125 701 $aLaugier$b Sandra$0798669 701 $aQuéré$b Louis$01227198 701 $aStavo-Debauge$b Joan$01249775 701 $aThibaud$b Jean-Paul$01308952 701 $aTrom$b Danny$01233316 701 $aZask$b Joëlle$0615110 701 $aKarsenti$b Bruno$0295125 701 $aQuéré$b Louis$01227198 801 0$bFR-FrMaCLE 906 $aBOOK 912 $a9910416499103321 996 $aLa croyance et l?enquête$93031441 997 $aUNINA LEADER 04211nam 22007215 450 001 9910739482503321 005 20251202120546.0 010 $a9783319325859 010 $a331932585X 024 7 $a10.1007/978-3-319-32585-9 035 $a(CKB)3710000000749190 035 $a(DE-He213)978-3-319-32585-9 035 $a(MiAaPQ)EBC4591915 035 $a(PPN)223958506 035 $a(Perlego)3494752 035 $a(NyNyDIG)DIGVIETO155 035 $a(EXLCZ)993710000000749190 100 $a20160712d2016 u| 0 101 0 $aeng 135 $aurnn|008mamaa 181 $ctxt$2rdacontent 182 $cc$2rdamedia 183 $acr$2rdacarrier 200 10$a'Ndrangheta $eThe Glocal Dimensions of the Most Powerful Italian Mafia /$fby Anna Sergi, Anita Lavorgna 205 $a1st ed. 2016. 210 1$aCham :$cSpringer International Publishing :$cImprint: Palgrave Macmillan,$d2016. 215 $a1 online resource (IX, 122 p. 1 illus.) 311 08$a9783319325842 311 08$a3319325841 320 $aIncludes bibliographical references at the end of each chapters and index. 327 $aIntroduction -- Part I. Structures and Governance -- Chapter 1. Calabria and the ?Ndrangheta -- Chapter 2. 'Ndrangheta Movements in the Centre-North of Italy -- Chapter 3. ?Ndrangheta Movements Around the World -- Part II. Illegal Activities -- Chapter 4. Drug Trafficking and Investments -- Chapter 5. Poly-crime ?Ndrangheta -- Conclusion. 330 $aThis book presents an historical and sociological account of the Italian mafia-type organisation known as the ?ndrangheta. It draws together diverse perspectives on the various ?ndrangheta clans and their behavioural models, focusing specifically on their organisational skills, their bonds with Calabrian society and Calabrian communities around the world, their mobility, and their characterisation as poly-crime organisations.  The authors demonstrate that ?ndrangheta clans have an innovative way of being and doing mafia work through a dense network of relationships both in the ?upperworld? and in the ?underworld?, a particularly acute sense of business, a reputation built on the protection of blood and family ties, and, last but not least, a symbiotic relationship and camouflage within Calabrian society. By focusing on both the structures and the activities of the clans and with findings based on judicial documents, this book explores why the ?ndranghetais today labeled as ?the most powerful Italian mafia?. It will be of great interest to upper-level students and scholars of organised crime and sociology. Anna Sergi is Lecturer in Criminology at the University of Essex, UK. Her research interests and publications include mafia, organised crime, comparative policing, criminal law and criminal justice systems. She is also the Chair of the British Society of Criminology Early Career Researchers Networks.  Anita Lavorgna is Lecturer in Criminology at the University of Southampton, UK. Her research interests and publications include organised crime, cybercrime, and crime prevention. 606 $aOrganized crime 606 $aTransnational crime 606 $aCrime$xSociological aspects 606 $aCriminology 606 $aCulture 606 $aItaly$xHistory 606 $aOrganized Crime 606 $aTransnational Crime 606 $aCrime and Society 606 $aCriminology Theory 606 $aSociology of Culture 606 $aHistory of Italy 615 0$aOrganized crime. 615 0$aTransnational crime. 615 0$aCrime$xSociological aspects. 615 0$aCriminology. 615 0$aCulture. 615 0$aItaly$xHistory. 615 14$aOrganized Crime. 615 24$aTransnational Crime. 615 24$aCrime and Society. 615 24$aCriminology Theory. 615 24$aSociology of Culture. 615 24$aHistory of Italy. 676 $a364.106 700 $aSergi$b Anna$4aut$4http://id.loc.gov/vocabulary/relators/aut$0999696 702 $aLavorgna$b Anita$4aut$4http://id.loc.gov/vocabulary/relators/aut 906 $aBOOK 912 $a9910739482503321 996 $aNdrangheta$93553262 997 $aUNINA